| 000 | 00930nam a22002297a 4500 | ||
|---|---|---|---|
| 999 |
_c12683 _d12683 |
||
| 003 | AR-CdUCM | ||
| 008 | 190409b ||||| |||| 00| 0 spa d | ||
| 040 |
_aMUNICIPALIDAD PROVINCIAL DEL CUSCO _cBIBLIOTECA MUNICIPAL DEL CUSCO |
||
| 082 |
_aC / 913.85 / _bK33 |
||
| 100 |
_aKendall, Ann _922835 |
||
| 245 | _aLos patrones de asentamiento y desarrollo rural prehispánico entre Ollantaytambo y Machu Picchu / | ||
| 260 |
_aCusco : _bUniversidad Nacional San Antonio Abad, _c1992. |
||
| 300 |
_a33 páginas ; _bMapas, ilustraciones, cuadros, _c21 cm. |
||
| 505 | _aContenido: Los patrones de asentamiento y desarrollo rural prehispánico entre Ollantaytambo y Machupicchu -- Zona Mayor -- Zona de Cusichaca. | ||
| 650 |
_aArqueología _9371 |
||
| 650 |
_aPerú _935 |
||
| 650 |
_aAndenes incas _922837 |
||
| 650 |
_aAgricultura _9320 |
||
| 650 |
_aÉpoca Prehispánica _92714 |
||
| 942 |
_2ddc _cLIBROS |
||
| 945 |
_acmm _d2019-04-09 |
||